000
00291nam a22001337a 4500
008
170526b xxu||||| |||| 00| 0 eng d
020
_a
0125450753
041
_a
eng
080
_a
331.103
100
_a
25
101
_a
IM
245
_a
DISRETE OPTIMIZATION
_c
PARKER, R.G
942
_2
udc
_c
BK
999
_c
14533
_d
14533